• 首页
  • 本馆介绍
  • 公告通知
  • 最新文献
  • 馆藏检索
  • 电子资源
  • 读者导购
  • 参考咨询
  • 我的图书馆
  • 登录
  • 详细信息显示
  • 放入我的书架
  • 预约/预借图书
  • 作者相关作品
  • 分类相关作品
  • 丛书相关作品
  • 出版社相关作品

书目信息

  • 表格格式
  • 工作单格式
  • 卡片格式
题名:
上海通史
    
 
作者: 马学强 著
分册: 第2卷  
出版信息: 上海   上海人民出版社  1999.09
页数: 385页
开本: 21cm
丛书名:
单 册:
中图分类: K295.1
科图分类:
主题词: 中国--地方史 , 地方史--上海--古代
电子资源:
ISBN: 7-208-03118-5
000 00627nam0 2200217 45
001 0211121499
005 20031219104100.1
010    @a7-208-03118-5@b精装@dCNY43.00
100    @a20021112d1999 km y0chiy0120 ea
101 0  @achi
105    @aa z 000yy
200 1  @a上海通史@h第2卷@e古代@EGu Dai@AShang Hai Tong Shi@f马学强著@FMa Xue Qiang Zhu
210    @a上海@c上海人民出版社@d1999.09
215    @a385页@c插图@d21cm
517    @a古代@AGu Dai
606 0  @a中国@x地方史
606 0  @a地方史@y上海@z古代
690    @aK295.1@v4
701  0 @a马学强@4著
801    @aCN@bTSTC@c20021112
905    @b317327-331@dK295.1@e111:2@f5
    
    上海通史.第2卷:古代/马学强著.-上海:上海人民出版社,1999.09
    385页:插图;21cm
    
    
    ISBN 7-208-03118-5(精装):CNY43.00
    
●
相关链接 在E读中查询图书 在五车中查询图书 在当当中查询图书 在豆瓣中查询图书


正题名:上海通史     索取号:K295.1/111:2         预约/预借

序号 登录号 条形码 馆藏地/架位号 状态 备注
1 0317327   203173270   第二借阅区/ [索取号:K295.1/111:2] 在馆    
2 0317328   203173289   第二借阅区/ [索取号:K295.1/111:2] 在馆    
3 0317329   203173298   密集书库/ [索取号:K295.1/111:2] 在馆    
4 0317330   203173305   密集书库/ [索取号:K295.1/111:2] 在馆    
5 0317331   203173314   第二样本阅览室/ [索取号:K295.1/111:2] 在馆    
唐山师范学院图书馆 欢迎您!
大连网信软件有限公司© 版权所有